00837 a2200217 45000010006000000050017000060080041000230030015000640400040000790800104001192450076002230200022002992640033003213000019003545050071003730410008004441000023004527000025004757000024005008560095005244121320260407155706.0260407a2007 arg spa dAR-UNSa-BCEJYS aAR-UNSa-BCEJYSbspacAR-UNSa-BCEJYS a347.736xQuiebra. Insolvencia. Suspensión de pagos. Bancarrota, procedimientos. Derecho Concursal10aModificación a la ley de concursos y quiebraspLey 26.086 - comentada a978-950-894-577-8 1aBuenos Aires :bAD-HOCc2007 a117 p.c23 cm. a1. Ley 26.086. Modificación de la Ley de Concursos y Quiebras -  aspa1 aCastro, Gonzalo D.1 aGrispo, Jorge Daniel1 aZambelli, Yamila D.41uhttps://biblioeco.unsa.edu.ar/pmb/images/libros/L126440.jpgyImagen de portadaqimage/jpeg